| 000 | 01346njm a22002777a 4500 | ||
|---|---|---|---|
| 005 | 20100922114049.0 | ||
| 006 | a|||||r|||||00| 0 | ||
| 007 | sd ammalaaahaa | ||
| 008 | 100922t xxu||||| |||| 00| 0 pun d | ||
| 028 |
_aECSD,3003 _bHis Master's Voice |
||
| 035 | _aGR-02702 | ||
| 040 |
_aSED _cSED |
||
| 100 |
_aਬਖਸ਼ੀਸ਼ ਸਿੰਘ ਰਾਗੀ _921104 |
||
| 245 |
_aਆਉ ਜੀ ਤੂੰ ਆਉ ਹਮਾਰੇ. / _cਬਖਸ਼ੀਸ਼ ਸਿੰਘ ਰਾਗੀ ਤੇ ਭਗਵੰਤ ਸਿੰਘ ਰਾਗੀ, ਸੰਗੀਤ-ਕੇ.ਏਸ. ਨਰੂਲਾ _hMedium [Sound recording] |
||
| 246 | _aAao ji toon aao hamare( Bakhshish Singh Ragi & Bhagwant Singh Ragi | ||
| 260 |
_aDum Dum, India _bHis Master's Voice _c1968 |
||
| 300 |
_a1 Sound disc [Gramophon Recording] _banalog,33 1/3 rpm _c12 in. (LP) _fGramophon Record |
||
| 500 | _aBrief record | ||
| 500 | _aRecord labels : His Master's Voice,Red | ||
| 505 | _aSide-2 ਸੇ ਸੰਜੋਗ ਕਰੁ ਮੇਰੇ ਪਿਆਰੇ /(Se Sanjog Karo mere pyare) (Bhagwant Singh Ragi) | ||
| 650 |
_aPunjabi Shabad Gurbani _xExcerpts _zIndia _921106 |
||
| 700 |
_aਭਗਵੰਤ ਸਿੰਘ ਰਾਗੀ _922146 |
||
| 700 |
_aਕੇ.ਏਸ. ਨਰੂਲਾ _922149 |
||
| 942 |
_2ddc _cGR |
||
| 999 |
_c47886 _d47886 |
||